00000000nam 2200000zi 4500
0019.945255
003CaOODSP
00520241118081914
006m     o  d f      
007cr mn|||||||||
008241118t19941994onca    oc   f000 0 fre d
020 |a0662989708 |q(imprimé)
040 |aCaOODSP|bfre|erda|cCaOODSP
043 |an-cn---
0861 |aP62-40/2-1994F-PDF|zP62-40-2-1994F
24500|aEnvironnement : |bcatalogue.
2463 |aEnvironnement 1994
264 1|a[Ottawa] : |bGroupe Communication Canada, Édition = Canada Communication Group, Publishing, |c[1994]
264 4|c©1994
300 |a1 ressource en ligne (36 pages) : |billustrations
336 |atexte|btxt|2rdacontent/fre
337 |ainformatique|bc|2rdamedia/fre
338 |aressource en ligne|bcr|2rdacarrier/fre
500 |aPublié aussi en anglais sous le titre : Environment catalogue.
500 |aTitre de la couverture.
500 |aÉdition numérisée de l'imprimé [par Direction des éditions et services de dépôt].
520 |a« Le présent catalogue met à votre disposition les renseignements les plus exacts et les plus à jour sur l'environnement que vous pouvez obtenir auprés du gouvernement fédéral canadien. Offertes dans les deux langues officielles, les publications tarifées du catalogue portent sur un vaste éventail de questions environnementales » -- Page [1].
650 6|aSciences de l'environnement|zCanada|vCatalogues.
650 6|aEnvironnement|xPolitique gouvernementale|zCanada|vCatalogues.
650 6|aEnvironnement|xDroit|zCanada|vCatalogues.
650 6|aPublications officielles|zCanada|vCatalogues.
655 7|aCatalogues|2rvmgf
7102 |aGroupe Communication Canada. |bÉdition, |eorganisme de publication.
77508|tEnvironment catalogue.|w(CaOODSP)9.945254
7760#|tEnvironnement |w(CaOODSP)9.622561
85640|qPDF|s17.10 Mo|uhttps://publications.gc.ca/collections/collection_2024/spac-pspc/P62-40-2-1994-fra.pdf